Универсальный программируемый текстовой редактор Multi-Edit 7.xx.: 200 советов пользователю

מידע ביבליוגרפי
מחבר ראשי: Вильховченко С. Д. Сергей Дмитриевич
שפה:רוסית
יצא לאור: Москва, ABF, 1994
נושאים:
פורמט: ספר
KOHA link:https://koha.lib.tpu.ru/cgi-bin/koha/opac-detail.pl?biblionumber=73604

MARC

LEADER 00000nam0a2200000 4500
001 73604
005 20231031084508.0
010 |a 5874840109 
035 |a (RuTPU)RU\TPU\book\78536 
090 |a 73604 
100 |a 20050219d1994 m y0rusy50 ca 
101 0 |a rus 
102 |a RU 
105 |a y z 001zy 
200 1 |a Универсальный программируемый текстовой редактор Multi-Edit 7.xx.: 200 советов пользователю  |f С. Д. Вильховченко 
210 |a Москва  |c ABF  |d 1994 
215 |a 266 с. 
320 |a Предметный указатель: с. 262-266 
610 1 |a программирование 
610 1 |a текстовые редакторы 
610 1 |a Multi-Edit 
610 1 |a описание 
675 |a 681.3-181.4  |v 3 
700 1 |a Вильховченко  |b С. Д.  |g Сергей Дмитриевич 
801 1 |a RU  |b 63413507  |c 20050219  |g PSBO 
801 2 |a RU  |b 63413507  |c 20170301  |g PSBO 
942 |c BK